La era de la revolución: 1789-1848 /
Guardado en:
| Autor Principal: | |
|---|---|
| Formato: | Libro |
| Publicado: |
Buenos Aires :
Crítica,
2003
|
| Edición: | 4a. ed. |
| Series: | Biblioteca E. J. Hobsbawm de Historia Contemporánea
|
| Materias: | |
| Etiquetas: |
Agregar Etiqueta
Sin Etiquetas, Sea el primero en etiquetar este registro!
|
| LEADER | 01126nam a22002535a 4500 | ||
|---|---|---|---|
| 001 | CEM.cems017786 | ||
| 005 | 20120504111320.0 | ||
| 008 | 130507s2003##################000#0#####d | ||
| 003 | CEMS | ||
| 020 | |a 9879317106 | ||
| 082 | 0 | 4 | |a 940.2 |
| 100 | 1 | |a Hobsbawm, Eric | |
| 245 | 1 | 0 | |a La era de la revolución: 1789-1848 / |c Eric Hobsbawm |
| 250 | |a 4a. ed. | ||
| 260 | |a Buenos Aires : |b Crítica, |c 2003 | ||
| 300 | |a 344 p. | ||
| 490 | 0 | |a Biblioteca E. J. Hobsbawm de Historia Contemporánea | |
| 500 | |a Título original: The age of revolutiontraducción: Felipe Ximénez de Zandoval | ||
| 505 | 0 | |a El mundo en 1780-1790 - La Revolución industrial - La Revolución francesa - La guerra - La paz - Las revoluciones - el nacionalismo - La tierra - Hacia un mundo industrial - La carrera abierta al telento - El trabajador pobre - Ideología religiosa - Ideología secular - Las artes - La ciencia - Conclusión: hacia 1848 | |
| 653 | |a Historia universal | ||
| 653 | |a Revolución francesa | ||
| 653 | |a Revolución industrial | ||
| 653 | |a Historia contemporánea | ||
| 859 | |a CEMS |b BIB. CEMS - Agricultura |h 940.2 |i H653 |p A0632.06 |t Ej.1 | ||
